Actualidad Laboral/

Պահպանված է:
Մատենագիտական մանրամասներ
Ձևաչափ: Գիրք
Լեզու:Spanish
Հրապարակվել է: San José : Asociación de Servicios de Promoción Laboral
Խորագրեր:
Ցուցիչներ: Ավելացրեք ցուցիչ
Չկան պիտակներ, Եղեք առաջինը, ով նշում է այս գրառումը!

MARC

LEADER 00000nam a22000007a 4500
001 36190
003 cru CIDCACS/IIS
005 20190910113217.0
008 190910n cr |||||r||||||0| ||spa|d
999 |c 42338  |d 42338 
040 |c cru CIDCACS/IIS 
090 |a REV1168 
245 0 |a Actualidad Laboral/  |c Asociación de Servicios de Promoción Laboral 
260 |a San José :  |b  Asociación de Servicios de Promoción Laboral 
650 0 |9 36  |a MIGRANTES 
650 0 |9 300  |a MIGRACION LABORAL 
650 0 |9 1438  |a TRABAJO DOMESTICO 
650 0 |9 2228  |a SINDICALISMO 
942 |2 ddc  |c PP